[Event "14th EUR-ch"]
[Site "Legnica POL"]
[Date "2013.05.09"]
[Round "5"]
[White "Maevsky, Nikolay"]
[Black "Pogosian, Vladimir"]
[Result "1-0"]
[WhiteElo "2323"]
[BlackElo "2132"]
[EventDate "2013.05.05"]
[PlyCount "125"]

1.d4 d6 2.Nf3 Nd7 3.e4 g6 4.Bc4 h6 5.O-O Bg7 6.e5 e6 7.Re1 d5 8.Bd3 Ne7 9.
h4 b6 10.Nbd2 Bb7 11.c3 c5 12.Nf1 Nc6 13.Bf4 c4 14.Bc2 b5 15.b3 Nb6 16.Ne3
Qd7 17.bxc4 bxc4 18.Ng4 O-O-O 19.Qd2 h5 20.Ne3 Kb8 21.Ng5 Ka8 22.Reb1 Na5 
23.Bd1 Bc6 24.Nc2 Ba4 25.Bf3 Bxc2 26.Qxc2 Rb8 27.g3 Rb7 28.Bd1 Rhb8 29.Rb2
a6 30.Kg2 Bf8 31.Bc1 Ka7 32.Nh3 Na8 33.Rab1 Rxb2 34.Rxb2 Nb6 35.Nf4 Be7 
36.Rb1 Qe8 37.Nh3 Qf8 38.Qe2 Ba3 39.Be3 Nc6 40.Bc2 Na5 41.Qf3 Qe8 42.Qd1 
Rb7 43.Ng5 Qd7 44.f3 Qe8 45.g4 hxg4 46.fxg4 Nc6 47.Kh3 Nd8 48.Nf3 Be7 49.
Bf4 Qh8 50.Kg3 Qe8 51.Bg5 Qf8 52.Qd2 a5 53.Rh1 Nd7 54.Bh6 Qg8 55.Ba4 f5 
56.Bxd7 Rxd7 57.Rb1 fxg4 58.Kxg4 Qf7 59.Rb5 Qf5+ 60.Kg3 Ka6 61.a4 Bf8 62.
Qb2 Rf7 63.Rxa5+ 1-0

[Event "14th EUR-ch"]
[Site "Legnica POL"]
[Date "2013.05.09"]
[Round "5"]
[White "Henseler, Jorgen"]
[Black "Buchal, Stephan"]
[Result "0-1"]
[WhiteElo "2093"]
[BlackElo "2315"]
[EventDate "2013.05.05"]
[PlyCount "108"]

1.e4 g6 2.d4 Bg7 3.Nc3 d6 4.f4 a6 5.Nf3 b5 6.Bd3 Nd7 7.e5 c5 8.Be4 Rb8 9.
O-O cxd4 10.Nxd4 dxe5 11.Nc6 Qb6+ 12.Kh1 Ngf6 13.Nxb8 Qxb8 14.fxe5 Nxe5 
15.Bf4 O-O 16.Bf3 e6 17.Qe2 Nfd7 18.Rad1 Qb6 19.Ne4 Bb7 20.Ng5 Nxf3 21.
Nxf3 Bd5 22.b3 b4 23.Ne5 Nf6 24.Bg5 Ne4 25.Nd7 Qb7 26.Nxf8 Nxg5 27.Nd7 Ne4
28.Qe3 Nc3 29.Ne5 Nxd1 30.Rxd1 Bxg2+ 31.Kg1 Bd5 32.Ng4 h5 33.Ne5 Qc7 34.
Nf3 Bf8 35.Kf1 Bc5 36.Qd3 Qf4 37.Ke2 Qg4 38.Rf1 a5 39.Kd1 Be4 40.Qe2 Bd6 
41.h3 Qf5 42.Nd2 Bxc2+ 43.Kc1 Qc5 44.Nc4 Bf5 45.Qf2 Qc7 46.Qd4 Bf8 47.h4 
Bh6+ 48.Kd1 Bg4+ 49.Kc2 Bf5+ 50.Kd1 Bg4+ 51.Kc2 Qh2+ 52.Qf2 Bf5+ 53.Kd1 
Qh3 54.Nd2 Bxd2 0-1

[Event "14th EUR-ch"]
[Site "Legnica POL"]
[Date "2013.05.09"]
[Round "5"]
[White "Selbes, Tarik"]
[Black "Pappelis, Dimitrios"]
[Result "1-0"]
[WhiteElo "2314"]
[BlackElo "2055"]
[EventDate "2013.05.05"]
[PlyCount "39"]

1.e4 c5 2.Nf3 Nc6 3.Bb5 Nf6 4.Nc3 e5 5.O-O d6 6.h3 Be7 7.d3 O-O 8.a4 h6 9.
Bc4 Be6 10.Re1 Qd7 11.b3 Bd8 12.Bd2 Qe7 13.Nh2 a6 14.Nf1 Rb8 15.f4 exf4 
16.Bxf4 Ne5 17.a5 Nc6 18.Na4 Bxa5 19.e5 dxe5 20.Bxe5 1-0

[Event "14th EUR-ch"]
[Site "Legnica POL"]
[Date "2013.05.09"]
[Round "5"]
[White "Guzewicz, Rafal"]
[Black "Gaehwiler, Gabriel"]
[Result "0-1"]
[WhiteElo "1942"]
[BlackElo "2288"]
[EventDate "2013.05.05"]
[PlyCount "128"]

1.d4 Nf6 2.Bf4 g6 3.e3 Bg7 4.Nf3 d6 5.h3 O-O 6.Be2 b6 7.O-O Bb7 8.Nbd2 
Nbd7 9.c3 Qe8 10.Bh2 e5 11.Nc4 Ne4 12.Nfd2 Ng5 13.h4 Ne6 14.dxe5 d5 15.Na3
Nxe5 16.Nf3 Ng4 17.Bg3 Qe7 18.Nb5 a6 19.Nbd4 Nc5 20.Nd2 Nf6 21.h5 Nfe4 22.
Nxe4 Nxe4 23.Bh2 c5 24.Nb3 Rad8 25.Qc2 Rc8 26.Rad1 Qh4 27.Nd2 Nxd2 28.Bg3 
Qe4 29.Qxd2 Qa4 30.b3 Qa5 31.hxg6 hxg6 32.c4 Qxd2 33.Rxd2 d4 34.exd4 Bxd4 
35.b4 Be4 36.Bd3 Bc3 37.Rdd1 Bxd3 38.Rxd3 cxb4 39.Rd6 b5 40.cxb5 axb5 41.
Rb6 Ra8 42.Rxb5 Rxa2 43.Rd1 Re8 44.Rd7 Rd2 45.Rxd2 Bxd2 46.f3 Re6 47.Bc7 
Kh7 48.Ba5 Re1+ 49.Kf2 Ra1 50.Ke2 Bc3 51.Kd3 Rd1+ 52.Kc4 Rd4+ 53.Kc5 Rd2 
54.Bxb4 Bxb4+ 55.Rxb4 Rxg2 56.Kd5 Re2 57.Kd4 Kh6 58.Kd3 Re7 59.f4 Kh5 60.
Rc4 Kg4 61.Rb4 Kf3 62.Ra4 Rd7+ 63.Kc2 Re7 64.Kd2 Re4 0-1

[Event "14th EUR-ch"]
[Site "Legnica POL"]
[Date "2013.05.09"]
[Round "5"]
[White "Makolli, Perparim"]
[Black "Tomczak, Mikolaj"]
[Result "1/2-1/2"]
[WhiteElo "2286"]
[BlackElo "2002"]
[EventDate "2013.05.05"]
[PlyCount "82"]

1.Nc3 d5 2.e4 e6 3.d3 Nf6 4.e5 Nfd7 5.f4 c5 6.Nf3 Nc6 7.g3 g6 8.Bg2 Bg7 9.
O-O h5 10.Ne2 Qc7 11.c4 d4 12.Nd2 b6 13.Ne4 Bb7 14.Kh1 O-O-O 15.h4 Rde8 
16.Ng1 f5 17.Nf2 Nd8 18.Bxb7+ Qxb7+ 19.Qf3 Nf7 20.Qxb7+ Kxb7 21.Nf3 Nh6 
22.Nh3 Ng4 23.Bd2 a5 24.b3 Nb8 25.a3 Nc6 26.Rfb1 Kc7 27.Kg2 Ra8 28.Nhg5 
Kd7 29.Kf1 Rhb8 30.Ke2 b5 31.Nf7 Rb7 32.a4 b4 33.N7g5 Rbb8 34.Rh1 Rb7 35.
Rhg1 Rbb8 36.Ra2 Rb7 37.Raa1 Rbb8 38.Ra2 Rb7 39.Raa1 Rbb8 40.Ra2 Rb7 41.
Raa1 Rba7 1/2-1/2

[Event "14th EUR-ch"]
[Site "Legnica POL"]
[Date "2013.05.09"]
[Round "5"]
[White "Szostko, Jakub"]
[Black "Duman, Aydin"]
[Result "1/2-1/2"]
[WhiteElo "1850"]
[BlackElo "2265"]
[EventDate "2013.05.05"]
[PlyCount "81"]

1.Nf3 Nf6 2.c4 c5 3.g3 Nc6 4.Bg2 d5 5.b3 d4 6.d3 e5 7.O-O h6 8.e3 Bd6 9.
exd4 cxd4 10.Re1 O-O 11.Na3 Re8 12.Nc2 Bf5 13.a3 a5 14.Rb1 Bh7 15.Bb2 Bf8 
16.Ba1 Qc7 17.b4 axb4 18.axb4 Rad8 19.b5 Nb8 20.b6 Qd6 21.Rb5 Nc6 22.Bb2 
Qb8 23.Bf1 e4 24.Nfxd4 exd3 25.Bxd3 Rxe1+ 26.Nxe1 Bxd3 27.Qxd3 Nxd4 28.
Bxd4 Qd6 29.Bxf6 Qxf6 30.Qe2 Qc6 31.Nf3 Bc5 32.Ne5 Qd6 33.Nd3 Bxb6 34.c5 
Qxd3 35.Qxd3 Rxd3 36.Rxb6 Rd7 37.c6 bxc6 38.Rxc6 g6 39.Kg2 Kg7 40.h4 h5 
41.Rb6 1/2-1/2

[Event "14th EUR-ch"]
[Site "Legnica POL"]
[Date "2013.05.09"]
[Round "5"]
[White "Ekstroem, Roland"]
[Black "Goluch, Piotr"]
[Result "1-0"]
[WhiteElo "2461"]
[BlackElo "2215"]
[EventDate "2013.05.05"]
[PlyCount "99"]

1.d4 Nf6 2.Nf3 c5 3.d5 b5 4.Bg5 Ne4 5.Bh4 Qa5+ 6.Nbd2 f5 7.c3 b4 8.Nc4 Qa6
9.e3 bxc3 10.bxc3 Qh6 11.Bg3 Nxg3 12.fxg3 Qf6 13.Rc1 g6 14.Be2 Bh6 15.O-O 
O-O 16.g4 Ba6 17.Nfd2 e6 18.Ne4 Qe7 19.g5 fxe4 20.gxh6 Rxf1+ 21.Bxf1 Bb7 
22.dxe6 dxe6 23.Ne5 Bd5 24.Qa4 Qf8 25.c4 Bb7 26.Rb1 Ba6 27.Be2 Bc8 28.Rf1 
Qe7 29.Rf7 Qxf7 30.Nxf7 Kxf7 31.Qc2 Nd7 32.Qxe4 Rb8 33.Qf4+ Ke7 34.Qg5+ 
Kd6 35.h4 Rb1+ 36.Kh2 Bb7 37.Bf3 Bxf3 38.gxf3 Rb2+ 39.Kg3 Rxa2 40.h5 gxh5 
41.Qxh5 Ne5 42.Qh4 Rb2 43.Qd8+ Kc6 44.Qe7 Nxc4 45.Qxe6+ Kb5 46.Qd7+ Kb4 
47.Qxh7 Nd2 48.Qb7+ Kc3 49.Qxa7 Nf1+ 50.Kf4 1-0

[Event "14th EUR-ch"]
[Site "Legnica POL"]
[Date "2013.05.09"]
[Round "5"]
[White "Musialkiewicz, Pawel"]
[Black "Kantorik, Marian"]
[Result "1-0"]
[WhiteElo "2160"]
[BlackElo "2363"]
[EventDate "2013.05.05"]
[PlyCount "73"]

1.d4 Nf6 2.c4 e6 3.Nc3 d5 4.cxd5 exd5 5.Bg5 Be7 6.e3 O-O 7.Bd3 Nbd7 8.Qc2 
c6 9.Nf3 Re8 10.O-O Nf8 11.h3 Ng6 12.Rab1 Bd6 13.b4 h6 14.Bxf6 Qxf6 15.Qd1
Nh4 16.Nxh4 Qxh4 17.Qf3 Re6 18.Bf5 Rg6 19.Bxg6 fxg6 20.e4 dxe4 21.Nxe4 Bd7
22.Rfe1 Bf5 23.g4 Bd7 24.Nc5 Rf8 25.Qg2 Bc8 26.Re4 Qg5 27.Rbe1 Qd2 28.Re8 
Qxd4 29.Rxf8+ Kxf8 30.Qf3+ Qf6 31.Qe4 Qf7 32.Re3 Bf4 33.Rd3 Qf6 34.Nd7+ 
Bxd7 35.Rxd7 Kg8 36.Qe8+ Kh7 37.Rd8 1-0

[Event "14th EUR-ch"]
[Site "Legnica POL"]
[Date "2013.05.09"]
[Round "5"]
[White "Xylogiannopoulos, Antonios"]
[Black "Posedaru, Bogdan"]
[Result "1/2-1/2"]
[WhiteElo "2147"]
[BlackElo "2339"]
[EventDate "2013.05.05"]
[PlyCount "90"]

1.e4 c5 2.Nf3 Nc6 3.d4 cxd4 4.Nxd4 g6 5.c4 Nf6 6.Nc3 Bg7 7.Be3 O-O 8.Be2 
d6 9.O-O Bd7 10.Kh1 Nxd4 11.Bxd4 Bc6 12.f3 Nd7 13.Bxg7 Kxg7 14.Qd4+ Kg8 
15.f4 Qb6 16.Qxb6 Nxb6 17.Nd5 Bxd5 18.exd5 a5 19.a4 Nd7 20.Bd3 Nc5 21.Bc2 
Rfc8 22.Rae1 Rc7 23.Rf3 Ra6 24.h4 Rb6 25.b3 e6 26.dxe6 Nxe6 27.Rd1 f5 28.
h5 Kf7 29.Rh3 Kf6 30.hxg6 hxg6 31.Rf3 Re7 32.Kg1 Nc5 33.Kf2 Na6 34.Rd5 Nb4
35.Rd2 Rh7 36.Kg1 Rc7 37.Bd1 d5 38.Be2 Rd6 39.cxd5 Rxd5 40.Rxd5 Nxd5 41.
Bc4 Nb6 42.Bb5 Rc1+ 43.Kh2 Nd5 44.Bc4 Nb6 45.Bb5 Nd5 1/2-1/2

[Event "14th EUR-ch"]
[Site "Legnica POL"]
[Date "2013.05.09"]
[Round "5"]
[White "Szonyi, Bence"]
[Black "Zemlicka, Vit"]
[Result "1/2-1/2"]
[WhiteElo "1651"]
[BlackElo "2049"]
[EventDate "2013.05.05"]
[PlyCount "94"]

1.e4 e5 2.Nf3 Nc6 3.Bb5 a6 4.Bxc6 dxc6 5.d4 exd4 6.Qxd4 Qxd4 7.Nxd4 Bd7 8.
O-O O-O-O 9.Bg5 f6 10.Be3 Ne7 11.Nc3 Ng6 12.Rad1 Bd6 13.f3 Rhe8 14.Rfe1 h5
15.Nb3 Be6 16.Nd4 Bf7 17.Nb3 Be6 18.Nd4 Bf7 19.Nf5 Bf8 20.a3 Ne5 21.b4 Nc4
22.Bc1 g6 23.Ne3 Bd6 24.Nxc4 Bxc4 25.Bb2 Rf8 26.Nb1 c5 27.Nd2 Bg8 28.Bc3 
cxb4 29.Bxb4 Rfe8 30.Bxd6 Rxd6 31.Nb3 Red8 32.Rxd6 Rxd6 33.Re2 Bc4 34.Rd2 
Rxd2 35.Nxd2 Be6 36.Kf2 c5 37.f4 Kd7 38.Ke3 Kc6 39.Kd3 b5 40.c3 Kb6 41.Nf3
Ka5 42.Kc2 Ka4 43.Kb2 b4 44.axb4 cxb4 45.cxb4 Kxb4 46.e5 fxe5 47.Nxe5 Bf5 
1/2-1/2

[Event "14th EUR-ch"]
[Site "Legnica POL"]
[Date "2013.05.09"]
[Round "5"]
[White "Pavlicek, Miroslav"]
[Black "Zahariev, Ognyan"]
[Result "1-0"]
[WhiteElo "2014"]
[BlackElo "1913"]
[EventDate "2013.05.05"]
[PlyCount "25"]

1.Nf3 Nf6 2.g3 c5 3.Bg2 Nc6 4.d4 cxd4 5.Nxd4 d5 6.O-O e5 7.Nxc6 bxc6 8.c4 
h6 9.Nc3 Bb4 10.cxd5 cxd5 11.Qa4+ Nd7 12.Qxb4 Rb8 13.Qd6 1-0

[Event "14th EUR-ch"]
[Site "Legnica POL"]
[Date "2013.05.09"]
[Round "5"]
[White "D`Aste, Federico"]
[Black "Skytte, Torill"]
[Result "0-1"]
[WhiteElo "1501"]
[BlackElo "1922"]
[EventDate "2013.05.05"]
[PlyCount "68"]

1.e4 e6 2.Qe2 Nc6 3.Nf3 Bc5 4.c3 a6 5.d4 Ba7 6.Bg5 f6 7.Be3 Qe7 8.Qc2 d6 
9.Be2 Bd7 10.Nbd2 Nd8 11.O-O Nf7 12.Rfd1 h5 13.Nh4 Qd8 14.Ng6 Rh7 15.e5 f5
16.exd6 cxd6 17.Nf4 Nf6 18.Nh3 Ng4 19.Bf4 g5 20.Be3 Rg7 21.Nf3 Nxe3 22.
fxe3 g4 23.Ne1 gxh3 24.Bxh5 Qg5 25.Qe2 hxg2 26.Nxg2 Bc6 27.Bf3 Bxf3 28.
Qxf3 Nh6 29.h3 O-O-O 30.Kh1 Nf7 31.Qe2 Rh8 32.Qc4+ Kb8 33.Nf4 Rxh3+ 34.
Nxh3 Qg2# 0-1

[Event "14th EUR-ch"]
[Site "Legnica POL"]
[Date "2013.05.10"]
[Round "6"]
[White "Mamedov, Rauf"]
[Black "Korobov, Anton"]
[Result "1/2-1/2"]
[WhiteElo "2649"]
[BlackElo "2705"]
[EventDate "2013.05.05"]
[PlyCount "68"]

1.e4 c5 2.Nf3 d6 3.d4 cxd4 4.Nxd4 Nf6 5.Nc3 a6 6.Be3 e6 7.g4 h6 8.Bg2 e5 
9.Nf5 g6 10.Qe2 gxf5 11.exf5 Rg8 12.h3 Qc7 13.O-O-O Bd7 14.f4 Bc6 15.g5 
Bxg2 16.Qxg2 Nc6 17.Qd2 hxg5 18.fxg5 d5 19.Nxd5 Nxd5 20.Qxd5 Nb4 21.Qe4 f6
22.c3 Qc6 23.Qg4 Nd3+ 24.Rxd3 Qxh1+ 25.Rd1 Qc6 26.Qh5+ Ke7 27.gxf6+ Kxf6 
28.Qh4+ Kf7 29.Qh5+ Kf6 30.Qh4+ Kf7 31.Qh5+ Kf6 32.Qh4+ Kf7 33.Qh5+ Kf6 
34.Qh4+ Kf7 1/2-1/2

[Event "14th EUR-ch"]
[Site "Legnica POL"]
[Date "2013.05.10"]
[Round "6"]
[White "Romanov, Evgeny"]
[Black "Eljanov, Pavel"]
[Result "1-0"]
[WhiteElo "2640"]
[BlackElo "2702"]
[EventDate "2013.05.05"]
[PlyCount "83"]

1.d4 d5 2.c4 c6 3.cxd5 cxd5 4.Bf4 Nc6 5.e3 Nf6 6.Nc3 Bg4 7.Qb3 Na5 8.Qa4+ 
Bd7 9.Bb5 e6 10.Rc1 Rc8 11.Nf3 Rc4 12.Qd1 Bxb5 13.Nxb5 Bb4+ 14.Ke2 Rxc1 
15.Qxc1 O-O 16.Qc2 Qb6 17.Qa4 Rc8 18.Bc7 Qa6 19.a3 Bc3 20.b4 b6 21.Bg3 Ne4
22.Rc1 Bxb4 23.Rxc8+ Qxc8 24.Qxb4 Qc2+ 25.Kf1 Nc4 26.Qe1 Nb2 27.Kg1 Nd3 
28.Qf1 a6 29.Nd6 Nc3 30.h3 f6 31.Kh2 Ne2 32.Ng1 Nc3 33.Nf3 Ne2 34.e4 g6 
35.exd5 exd5 36.Ng1 Nc3 37.Nf3 Ne2 38.Nc8 f5 39.Ne7+ Kf7 40.Nxd5 f4 41.Bh4
h6 42.Bd8 1-0

[Event "14th EUR-ch"]
[Site "Legnica POL"]
[Date "2013.05.10"]
[Round "6"]
[White "Alexeev, Evgeny"]
[Black "l`Ami, Erwin"]
[Result "1-0"]
[WhiteElo "2700"]
[BlackElo "2634"]
[EventDate "2013.05.05"]
[PlyCount "156"]

1.e4 e6 2.d4 d5 3.Nc3 Bb4 4.exd5 exd5 5.Bd3 Nc6 6.a3 Be7 7.Nge2 Bf6 8.Be3 
Nge7 9.Qd2 Be6 10.O-O-O Qd7 11.Bg5 Bxg5 12.Qxg5 g6 13.h4 O-O-O 14.h5 Bf5 
15.Bb5 h6 16.Qf6 Qd6 17.Qxd6 Rxd6 18.hxg6 fxg6 19.Rde1 Nd8 20.Nd1 c6 21.
Ba4 Rf6 22.Ne3 Be6 23.f3 Nf7 24.c3 Nd6 25.Bc2 h5 26.Ng1 Rhf8 27.Nh3 Bxh3 
28.Rxh3 Kd7 29.Nd1 Re6 30.Rxe6 Kxe6 31.Nf2 Nef5 32.g4 hxg4 33.Nxg4 g5 34.
Rh7 Nh4 35.Rh6+ Ke7 36.Ne5 Nf7 37.Rh7 Ke8 38.Ng6 Nxg6 39.Bxg6 Ke7 40.Kd2 
Kf6 41.Bh5 Nd6 42.b3 Rd8 43.a4 a5 44.Kd3 b5 45.axb5 cxb5 46.Ra7 a4 47.bxa4
Rh8 48.Ra6 Ke7 49.Bg4 bxa4 50.Rxa4 Nc4 51.Ra7+ Kd6 52.Ra6+ Kc7 53.Be6 Nb6 
54.Ra7+ Kd6 55.Ra6 Kxe6 56.Rxb6+ Ke7 57.Rg6 Rf8 58.Ke2 Rf5 59.Ke3 Kd7 60.
Kf2 Ke7 61.Kg3 Kd7 62.Ra6 Rf8 63.Rg6 Rf5 64.Rh6 Rf8 65.Rh5 Rf5 66.Rh1 Kd6 
67.Re1 Rf8 68.Re5 Rg8 69.Kg4 Rc8 70.Re3 Rg8 71.Re5 Rc8 72.Re3 Rg8 73.Kf5 
Kc6 74.Re6+ Kb5 75.Ke5 Kc4 76.Rc6+ Kd3 77.Kxd5 Rf8 78.Ke6 Rxf3 1-0

[Event "14th EUR-ch"]
[Site "Legnica POL"]
[Date "2013.05.10"]
[Round "6"]
[White "Shimanov, Alexander"]
[Black "Almasi, Zoltan"]
[Result "1/2-1/2"]
[WhiteElo "2639"]
[BlackElo "2695"]
[EventDate "2013.05.05"]
[PlyCount "81"]

1.d4 Nf6 2.c4 e6 3.Nf3 b6 4.g3 Ba6 5.b3 Bb7 6.Bg2 Bb4+ 7.Bd2 a5 8.O-O O-O 
9.Qc2 d6 10.Nc3 Nbd7 11.Rfe1 Bxc3 12.Bxc3 Be4 13.Qb2 c6 14.Bf1 b5 15.Rad1 
Nb6 16.c5 Nbd5 17.Bd2 Bxf3 18.exf3 dxc5 19.dxc5 Qe7 20.Rc1 Nd7 21.f4 Qf6 
22.Qc2 Rfd8 23.a3 Nf8 24.h4 h6 25.Bd3 Rd7 26.Be4 Qd8 27.Rcd1 a4 28.b4 Raa7
29.Bc1 Ne7 30.Bb2 f6 31.Kg2 Rxd1 32.Qxd1 Qxd1 33.Rxd1 Rd7 34.Rxd7 Nxd7 35.
Bf3 Kf7 36.h5 f5 37.Kh3 Nf6 38.Bd4 Ne4 39.Bxe4 fxe4 40.g4 g6 41.Kh4 
1/2-1/2

[Event "14th EUR-ch"]
[Site "Legnica POL"]
[Date "2013.05.10"]
[Round "6"]
[White "Vallejo Pons, Francisco"]
[Black "Kotronias, Vasilios"]
[Result "1-0"]
[WhiteElo "2695"]
[BlackElo "2580"]
[EventDate "2013.05.05"]
[PlyCount "81"]

1.e4 c5 2.Nf3 e6 3.d4 cxd4 4.Nxd4 a6 5.Bd3 Bc5 6.c3 Ne7 7.Nd2 d6 8.N2b3 
Nd7 9.Nxc5 dxc5 10.Nf3 Ng6 11.h4 Qc7 12.h5 Nf4 13.Bf1 e5 14.Bxf4 exf4 15.
Rh4 O-O 16.Qd2 Nf6 17.e5 Rd8 18.Qxf4 Nd5 19.Qg3 h6 20.Nd2 Ne7 21.e6 Qxg3 
22.exf7+ Kf8 23.fxg3 Nf5 24.Rf4 Nxg3 25.Be2 Nxe2 26.Kxe2 Rd5 27.Nf3 Rxh5 
28.Rd1 Be6 29.g4 Rd5 30.Rxd5 Bxd5 31.Ne5 g5 32.Nd7+ Ke7 33.f8=Q+ Rxf8 34.
Rxf8 Kxd7 35.b3 a5 36.Ra8 c4 37.Rxa5 Be6 38.b4 Bxg4+ 39.Ke3 Kd6 40.Ra8 Bd1
41.Ke4 1-0

[Event "14th EUR-ch"]
[Site "Legnica POL"]
[Date "2013.05.10"]
[Round "6"]
[White "Lupulescu, Constantin"]
[Black "Grachev, Boris"]
[Result "1-0"]
[WhiteElo "2634"]
[BlackElo "2687"]
[EventDate "2013.05.05"]
[PlyCount "77"]

1.d4 d5 2.c4 c6 3.Nf3 Nf6 4.Nc3 e6 5.Bg5 Nbd7 6.cxd5 exd5 7.e3 Be7 8.Qc2 
Nf8 9.h3 Ne6 10.Bh4 g6 11.Bd3 Ng7 12.O-O-O Bf5 13.g4 Bxd3 14.Qxd3 O-O 15.
Bxf6 Bxf6 16.h4 Ne6 17.Kb1 Rc8 18.g5 Bg7 19.Ne5 Nc5 20.Qc2 b5 21.f4 b4 22.
Nxd5 cxd5 23.dxc5 Bxe5 24.fxe5 Re8 25.h5 Qd7 26.hxg6 fxg6 27.e4 Rxe5 28.
Rd4 Qf7 29.c6 dxe4 30.Rd7 Re7 31.Rxe7 Qxe7 32.Qc4+ Kg7 33.Qd4+ Kg8 34.Qc4+
Kg7 35.Rd1 Qxg5 36.Qd4+ Kg8 37.Qd7 Qf5 38.c7 e3+ 39.Qxf5 1-0

[Event "14th EUR-ch"]
[Site "Legnica POL"]
[Date "2013.05.10"]
[Round "6"]
[White "Tkachiev, Vladislav"]
[Black "Sargissian, Gabriel"]
[Result "1/2-1/2"]
[WhiteElo "2632"]
[BlackElo "2667"]
[EventDate "2013.05.05"]
[PlyCount "59"]

1.d4 d5 2.c4 e6 3.Nc3 Be7 4.Nf3 Nf6 5.Bg5 h6 6.Bxf6 Bxf6 7.e3 O-O 8.Rc1 c6
9.Bd3 Nd7 10.O-O dxc4 11.Bxc4 e5 12.h3 exd4 13.exd4 Nb6 14.Bb3 Bf5 15.Re1 
a5 16.a3 Re8 17.Rxe8+ Qxe8 18.Qd2 Qd7 19.Re1 Re8 20.Rxe8+ Qxe8 21.Qf4 Be6 
22.Bxe6 Qxe6 23.Qc7 Nc4 24.Qxb7 Bxd4 25.Nxd4 Qe1+ 26.Kh2 Qe5+ 27.Kg1 Qe1+ 
28.Kh2 Qe5+ 29.Kg1 Qe1+ 30.Kh2 1/2-1/2

[Event "14th EUR-ch"]
[Site "Legnica POL"]
[Date "2013.05.10"]
[Round "6"]
[White "Beliavsky, Alexander"]
[Black "Khairullin, Ildar"]
[Result "1-0"]
[WhiteElo "2628"]
[BlackElo "2657"]
[EventDate "2013.05.05"]
[PlyCount "175"]

1.d4 Nf6 2.c4 g6 3.g3 c5 4.d5 b5 5.cxb5 a6 6.bxa6 Bg7 7.Bg2 d6 8.Nf3 Nbd7 
9.O-O Nb6 10.Nc3 O-O 11.e4 Bxa6 12.Re1 Nfd7 13.Qc2 Nc4 14.Rd1 Qa5 15.Bf1 
Na3 16.bxa3 Bxf1 17.Kxf1 Bxc3 18.Rb1 Bg7 19.Kg2 Qa6 20.Rb3 Rfc8 21.h4 Qa4 
22.Qe2 Rab8 23.Bg5 Kf8 24.Qe3 Rxb3 25.axb3 Qxa3 26.Bh6 Qb2 27.h5 Nf6 28.
Bxg7+ Kxg7 29.Rd2 Qa1 30.h6+ Kg8 31.Qe2 Ng4 32.Ra2 Qc1 33.Ra7 Qxh6 34.Rxe7
Qf8 35.Rb7 Rb8 36.Rxb8 Qxb8 37.Nd2 Ne5 38.Qa6 f6 39.Nc4 Nxc4 40.bxc4 Qe8 
41.Qxd6 Qxe4+ 42.Kh2 Qxc4 43.Qe6+ Kf8 44.Qxf6+ Ke8 45.Qh8+ Kd7 46.Qxh7+ 
Kd6 47.Qxg6+ Kxd5 48.Qf7+ Kd4 49.Qxc4+ Kxc4 50.g4 Kd4 51.g5 c4 52.g6 c3 
53.g7 c2 54.g8=Q c1=Q 55.Qe6 Qc7+ 56.Kg2 Qg7+ 57.Kf3 Qb7+ 58.Kg3 Qc7+ 59.
f4 Qg7+ 60.Kh4 Kd3 61.Qd5+ Kc2 62.Qg5 Qh7+ 63.Kg4 Qh1 64.Qe5 Qg2+ 65.Kf5 
Qg8 66.Qe6 Qf8+ 67.Kg5 Kc1 68.f5 Qg7+ 69.Kh5 Qg3 70.Qe4 Qd6 71.Kg5 Qd8+ 
72.f6 Kb2 73.Qe5+ Kb1 74.Qb5+ Kc1 75.Qc4+ Kb1 76.Kg6 Qd6 77.Qe4+ Kc1 78.
Qe3+ Kb1 79.Kg7 Qd7+ 80.f7 Qg4+ 81.Kf6 Qh4+ 82.Qg5 Qd4+ 83.Kg6 Qd6+ 84.Kh7
Qd7 85.Kg8 Qe6 86.Kg7 Qd7 87.Qf4 Kc2 88.Qc4+ 1-0

[Event "14th EUR-ch"]
[Site "Legnica POL"]
[Date "2013.05.10"]
[Round "6"]
[White "Areschenko, Alexander"]
[Black "Kovalev, Vladislav"]
[Result "1-0"]
[WhiteElo "2709"]
[BlackElo "2523"]
[EventDate "2013.05.05"]
[PlyCount "67"]

1.e4 e5 2.Nf3 Nc6 3.Bb5 a6 4.Ba4 Nf6 5.O-O Be7 6.d3 b5 7.Bb3 d6 8.a4 b4 9.
Nbd2 O-O 10.Re1 Be6 11.Nc4 h6 12.h3 Nh7 13.c3 bxc3 14.bxc3 Rb8 15.a5 Ng5 
16.Bxg5 Bxg5 17.Ba4 Na7 18.Ne3 Bxe3 19.Rxe3 c6 20.d4 Qc7 21.Qc1 Rb7 22.Bc2
Rb5 23.Qa3 Rfb8 24.dxe5 dxe5 25.Bd3 Rb3 26.Qc5 Nb5 27.Bf1 f6 28.Bc4 Bxc4 
29.Qxc4+ Qf7 30.Qxc6 Na3 31.Rd1 Qc4 32.Qd6 Nc2 33.Nd2 Qf7 34.Nxb3 1-0

[Event "14th EUR-ch"]
[Site "Legnica POL"]
[Date "2013.05.10"]
[Round "6"]
[White "Vachier-Lagrave, Maxime"]
[Black "Volkov, Sergei"]
[Result "1-0"]
[WhiteElo "2718"]
[BlackElo "2610"]
[EventDate "2013.05.05"]
[PlyCount "75"]

1.d4 d5 2.c4 c6 3.Nf3 Nf6 4.Nc3 a6 5.c5 Nbd7 6.Bf4 Nh5 7.Bd2 Nhf6 8.Qc2 g6
9.g3 e5 10.dxe5 Ng4 11.e6 Nxc5 12.exf7+ Kxf7 13.Bg2 Bg7 14.Nxd5 cxd5 15.
Qxc5 Bxb2 16.Ng5+ Ke8 17.Bxd5 Rf8 18.Rb1 Ba3 19.Qc4 Qe7 20.O-O h6 21.Rxb7 
Bxb7 22.Bc6+ Bxc6 23.Qxc6+ Qd7 24.Qxa8+ Ke7 25.Qe4+ Kf6 26.Nh7+ Qxh7 27.
Qf3+ Kg7 28.Qxa3 Kg8 29.h3 Ne5 30.Qxa6 Qf7 31.Bxh6 Re8 32.Bf4 Nd7 33.Rc1 
Nf8 34.Rc7 Qf5 35.Qc4+ Ne6 36.Kh2 g5 37.Be3 Qe5 38.Rc5 1-0

[Event "14th EUR-ch"]
[Site "Legnica POL"]
[Date "2013.05.10"]
[Round "6"]
[White "Jobava, Baadur"]
[Black "Andriasian, Zaven"]
[Result "1/2-1/2"]
[WhiteElo "2702"]
[BlackElo "2608"]
[EventDate "2013.05.05"]
[PlyCount "82"]

1.e4 c5 2.Nc3 d6 3.Nge2 Nf6 4.g3 g6 5.Bg2 Nc6 6.O-O Bg7 7.d3 O-O 8.h3 Rb8 
9.f4 Bd7 10.g4 b5 11.Ng3 Nd4 12.f5 Bc6 13.g5 Nd7 14.h4 c4 15.dxc4 Be5 16.
cxb5 Nxb5 17.Nce2 Na3 18.c3 Nc4 19.b3 Qb6+ 20.Nd4 Bxg3 21.bxc4 Be5 22.Be3 
Nc5 23.h5 Qb7 24.Rb1 Qxb1 25.Nxc6 Qxd1 26.Rxd1 Na4 27.hxg6 Nxc3 28.gxf7+ 
Kxf7 29.Nxe5+ dxe5 30.Rd7 Rfd8 31.Rxa7 Ra8 32.Bf3 Rxa7 33.Bxa7 Rc8 34.c5 
Na4 35.Bd1 Nxc5 36.Bxc5 Rxc5 37.Bb3+ Kg7 38.Kg2 Rc3 39.Bd5 Rd3 40.Bc4 Rc3 
41.Bd5 Rd3 1/2-1/2

[Event "14th EUR-ch"]
[Site "Legnica POL"]
[Date "2013.05.10"]
[Round "6"]
[White "Navara, David"]
[Black "Hovhannisian, Robert"]
[Result "1-0"]
[WhiteElo "2697"]
[BlackElo "2607"]
[EventDate "2013.05.05"]
[PlyCount "75"]

1.e4 e5 2.Nf3 Nc6 3.Bb5 Nf6 4.d3 Bc5 5.c3 O-O 6.O-O d6 7.h3 h6 8.Re1 Bb6 
9.Nbd2 Bd7 10.Nc4 Na5 11.Bxd7 Qxd7 12.Nxb6 axb6 13.Nh4 Kh7 14.f4 exf4 15.
Bxf4 g5 16.e5 gxh4 17.exf6 Qf5 18.Rf1 Qg6 19.Qf3 Nc6 20.d4 Rfe8 21.Qf2 Re4
22.Qxh4 Rg8 23.Rf2 Nb8 24.Raf1 Nd7 25.g4 b5 26.Bc1 Nb6 27.Rf5 Nc4 28.Bxh6 
Rxg4+ 29.hxg4 Qxg4+ 30.Qxg4 Rxg4+ 31.Kf2 Kxh6 32.Rxb5 b6 33.Rh1+ Kg6 34.
Kf3 Rg5 35.Rxg5+ Kxg5 36.b3 Na3 37.Ke4 Nb5 38.Kd3 1-0

[Event "14th EUR-ch"]
[Site "Legnica POL"]
[Date "2013.05.10"]
[Round "6"]
[White "Pashikian, Arman"]
[Black "Movsesian, Sergei"]
[Result "0-1"]
[WhiteElo "2603"]
[BlackElo "2693"]
[EventDate "2013.05.05"]
[PlyCount "66"]

1.d4 Nf6 2.c4 g6 3.g3 Bg7 4.Bg2 O-O 5.Nc3 c6 6.Nf3 d6 7.O-O Qb6 8.b3 e5 9.
dxe5 dxe5 10.Ba3 Re8 11.Nd2 Bf5 12.c5 Qa6 13.Qc1 Bh6 14.e3 Nbd7 15.Rd1 
Red8 16.Nc4 Bf8 17.Nd6 Bxd6 18.Rxd6 Ne8 19.Rd1 Ndf6 20.Rxd8 Rxd8 21.e4 Be6
22.Bb2 Qd3 23.Qe1 Bg4 24.Na4 Bf3 25.Bf1 Qxe4 26.Bxe5 Qf5 27.Bb2 Ne4 28.Nc3
Ng5 29.Qe3 Nf6 30.Re1 Ng4 31.Qe7 Rf8 32.h3 Bd5 33.f4 Nf3+ 0-1

[Event "14th EUR-ch"]
[Site "Legnica POL"]
[Date "2013.05.10"]
[Round "6"]
[White "Berkes, Ferenc"]
[Black "Solak, Dragan"]
[Result "1/2-1/2"]
[WhiteElo "2688"]
[BlackElo "2602"]
[EventDate "2013.05.05"]
[PlyCount "81"]

1.d4 d5 2.c4 c6 3.Nf3 Nf6 4.e3 Bg4 5.h3 Bxf3 6.Qxf3 e6 7.Nc3 Nbd7 8.Bd3 
Bb4 9.O-O O-O 10.Qd1 Qe7 11.Qb3 Rab8 12.Bd2 Bd6 13.c5 Bc7 14.Qc2 e5 15.f4 
exd4 16.exd4 Rfe8 17.Rae1 Qf8 18.b4 Rxe1 19.Rxe1 Re8 20.Qd1 Rxe1+ 21.Qxe1 
Qb8 22.g3 Nf8 23.Kg2 h5 24.Ne2 Qe8 25.Nc3 Qxe1 26.Bxe1 h4 27.Ne2 hxg3 28.
Bxg3 Nh5 29.Bf5 Ne6 30.Kf3 g6 31.Bxe6 fxe6 32.Bh4 Kf7 33.Kg4 Ng7 34.Bf2 
Bd8 35.Nc1 Nf5 36.Nd3 Bf6 37.Ne5+ Bxe5 38.fxe5 Kg7 39.Kg5 Nh6 40.Be3 Nf5 
41.Bf2 1/2-1/2

[Event "14th EUR-ch"]
[Site "Legnica POL"]
[Date "2013.05.10"]
[Round "6"]
[White "Gagunashvili, Merab"]
[Black "Ragger, Markus"]
[Result "0-1"]
[WhiteElo "2592"]
[BlackElo "2666"]
[EventDate "2013.05.05"]
[PlyCount "160"]

1.d4 Nf6 2.c4 g6 3.g3 Bg7 4.Bg2 d5 5.cxd5 Nxd5 6.Nf3 Nb6 7.Nc3 Nc6 8.e3 
O-O 9.O-O Re8 10.Re1 a5 11.Qe2 Be6 12.Rd1 Bc4 13.Qd2 a4 14.Rb1 Nb4 15.Ra1 
e5 16.a3 Nd3 17.Bf1 exd4 18.exd4 Qf6 19.Kg2 Nxc1 20.Bxc4 Nxc4 21.Qxc1 c6 
22.Ne4 Qe6 23.Ned2 Nd6 24.Nb1 Nf5 25.Nc3 Rad8 26.Re1 Qc4 27.Rxe8+ Rxe8 28.
Qf1 Qb3 29.Re1 Rd8 30.Qe2 Nxd4 31.Nxd4 Bxd4 32.Rd1 c5 33.Nb5 Qd5+ 34.Qf3 
Qd7 35.Nxd4 cxd4 36.Rd3 b5 37.Qd1 Qd5+ 38.Kg1 Kg7 39.Qd2 g5 40.Qd1 Rd6 41.
h4 h6 42.h5 Qe4 43.g4 Rd5 44.f3 Qe5 45.Kg2 Rd6 46.Qd2 Qd5 47.Qd1 Qc5 48.
Qd2 Qc4 49.Kg3 Qd5 50.Qd1 f5 51.gxf5 Qxf5 52.Kg2 Qd5 53.Kg3 Rd7 54.Kf2 Kf6
55.Kg3 Ke5 56.Qe1+ Kd6 57.Qd2 Kc6 58.Qd1 Kc5 59.Qc2+ Qc4 60.Qe2 Kb6 61.Qd2
Rd6 62.Kf2 Kc5 63.Qd1 Rf6 64.Qe2 Re6 65.Qd1 Rf6 66.Kg2 Qd5 67.Qc2+ Kb6 68.
Qc8 Qd6 69.Qe8 Rf4 70.Qc8 Qc6 71.Qd8+ Kb7 72.Kg3 Qc7 73.Qd5+ Kb6 74.Kg2 
Rh4 75.Rxd4 Qh2+ 76.Kf1 Qh1+ 77.Ke2 Rh2+ 78.Kd3 Qb1+ 79.Ke3 Qe1+ 80.Kd3 
Rd2+ 0-1